Communes de France dont la mairie est dans une autre commune - Statistiques

Statistiques générales
  • Ce quiz a été pris 9 fois
    5 depuis la dernière actualisation
  • Le résultat moyen est 3 sur 8
Statistiques - réponses
Département Commune Mairie à % Correct
Nièvre Château-Chinon (Campagne) Château-Chinon (Ville)
100%
Côte-d'Or Rouvres-sous-Meilly Meilly-sur-Rouvres
40%
Moselle Turquestein-Blancrupt Saint-Quirin
40%
Lozère Le Malzieu-Forain Le Malzieu-Ville
20%
Oise Le Plessis-Patte-d'Oie Berlancourt
20%
Lozère Pourcharesses Villefort
20%
Oise Réez-Fosse-Martin Bouillancourt
20%
Manche Taillepied Saint-Sauveur-le-Vicomte
20%
Aucun quiz correspondant
Distribution des résultats
% des personnes avec chaque résultat
Percentile par nombre de réponses
Votre historique - résultats
Vous n’avez pas pris ce quiz depuis la dernière actualisation